Die größten Finanzzentren der Welt - Statistiken

Allgemein
  • Dieses Quiz wurde 68 mal gespielt
    54 seit der letzten Aktualisierung
  • Das Durchschnittsergebnis liegt bei 12 aus 20
Antwortstatistiken
Bewertung Stadt % Korrekt
734 Frankfurt
100%
767 New York
96%
766 London
94%
730 Paris
92%
739 Tokio
85%
737 Los Angeles
69%
743 Shanghai
69%
764 Singapur
67%
765 Hong Kong
65%
742 Dubai
60%
735 Chicago
58%
741 Seoul
58%
729 Amsterdam
48%
738 Zürich
48%
744 San Francisco
46%
732 Washington D.C.
42%
736 Boston
29%
731 Genf
27%
740 Shenzhen
25%
733 Luxemburg
19%
Keine übereinstimmenden Quizze gefunden
Verteilung der Resultate
Anzahl Personen mit jedem Resultat
Perzentil nach korrekt beantworteten Fragen
Ihre Resultats-Entwicklung
Sie haben dieses Quiz seit der letzten Aktualisierung nicht gespielt